| 000 | 00593nai a2200181Ia 4500 | ||
|---|---|---|---|
| 003 | IN-BaIIA | ||
| 008 | 211028c9999 xx s 000 0 eng d | ||
| 022 | _a0192-8651 (Print) | ||
| 022 | _a1096-987X (Online) | ||
| 040 | _cIIA Library | ||
| 245 | 0 |
_aJournal Of Computational Chemistry _h[eJournal] |
|
| 260 |
_aNew Jersey _bJohn Wiley & Sons |
||
| 310 | _a32/year | ||
| 362 | _a17(1); 1996 - Present | ||
| 521 | _bSubscribed through National Knowledge Resource Consortium (NKRC) | ||
| 856 |
_uhttps://onlinelibrary.wiley.com/journal/1096987x _yClick Here to Access eJournal |
||
| 942 | _cEJ | ||
| 999 |
_c35008 _d35008 |
||